000 00673nam a2200229Ia 4500
001 14153
003 GE_BSU
008 181216s||||||||xx |||||||||||||| ||und||
040 _cGE_BSU
080 _a621.9(035.3)
100 _aРомановский,В.П.
245 _aСправочник по холодной штамповке.
245 _cРед. В.Е.Недорезов.
250 _aИзд 3-ое, перераб.и доп.
260 _aМ.
260 _bМашгиз.
260 _c1959.
300 _a648 стр. 22 см. с илл.
300 _eТабл.
653 _aСправочник по холодной штамповке.
942 _cBK
999 _c47293
_d47293